000
00264nam a2200121Ia 4500
008
190216s9999||||xx |||||||||||||| ||und||
100
_a
Viswanathan R
245
0
_a
Anyayam
260
_b
Poorna Pubs Kozhikode
300
_a
121
650
_a
Lekhanam
942
_c
BK
999
_c
26940
_d
26940